| 000 | 00448nam a2200157 i 4500 | ||
|---|---|---|---|
| 001 | 49437 | ||
| 003 | ES-MaACL | ||
| 005 | 20230906161947.0 | ||
| 007 | t| | ||
| 008 | 030716s1934 it ||||1| ita d | ||
| 100 | 1 |
_aPrompolini, Giacomo. _994027 |
|
| 245 | 1 | 0 |
_aCosecha _b: antología de la lírica castellana / _cGiacomo Prompolini. |
| 260 |
_aMilán : _b[s.n.], _c1934 ( _fPietro Vera) |
||
| 300 |
_a115 p. ; _c21 cm. |
||
| 852 |
_aES-MaACL _jA-3439 |
||
| 999 |
_c49437 _d49437 |
||